000 008630000a22002650004500
090 _aAR
_b03662
245 1 0 _aPCR analysis of the cryl insecticidal crystal family genes from Bacillus truringiensis
500 _a<Colección Recursos Genéticos>
650 1 4 _aMicrobiología
_96791
650 1 4 _aBiotecnología
_992825
650 1 4 _aControl de plagas
_91120
650 1 4 _aGenética
_992806
653 _gBacillus
_eBacillus thuringiensis
041 0 _aInglés
700 1 _aCovarrubias, Luis
_997395
700 1 _aQuintero, Rodolfo
_921697
700 1 _aOrtiz, Anabel
_997396
700 1 _aOrtiz, Myriam
_997397
700 1 _aAranda, Eduardo
_997398
700 1 _aLina, Laura
_997399
700 1 _aBravo, Alejandro
_997400
100 1 _aCerón, Jairo
_997401
942 _cARTICULO
773 1 _tApplied and Environmental Microbiology
_h1
_q353-356
_d1994
_g60
999 _c12710
_d12710